| 000 | 00397nam a2200145Ia 4500 | ||
|---|---|---|---|
| 008 | 211109s9999||||xx |||||||||||||| ||und|| | ||
| 082 |
_a894.8124 _bKAR-M |
||
| 100 | _aKarunakara Menon, K P | ||
| 245 | 0 | _aMahacharitha Manjusha | |
| 260 |
_bMathrubhoomi _aCalicut _c1900 |
||
| 300 | _a144p. | ||
| 630 | _xGeneral Stack | ||
| 650 |
_aMalayalam literature _vMalayalam Essays _xGeneralia |
||
| 942 | _cBOOK | ||
| 999 |
_c9745 _d9745 |
||